Catalysis on Zeolites /

Salvato in:
Dettagli Bibliografici
Autori principali: Kalló, Dénes (Autore), Minachev, Kh.M (Autore)
Natura: Libro
Pubblicazione: Bedapest : Akadémiai Kiadó, 1988
Tags: Aggiungi Tag
Nessun Tag, puoi essere il primo ad aggiungerne!!

MARC

LEADER 00000nam a22000003a 4500
001 stu14687
005 20150617225800.9
008 ------s1988----hu----------------------d
040 |a STU  |b slo 
041 0
044 |a hu 
080 |a 66.097.1 
080 |a 661.83.6 
100 1 |a Kalló, Dénes  |4 aut 
245 1 |a Catalysis on Zeolites /  |c [aut.]Kalló,D., Minachev,Kh.M 
260 |a Bedapest :  |b Akadémiai Kiadó,  |c 1988 
300 |a 583 s :  |b Tab.,grafy,lit.,index 
700 1 |a Minachev, Kh.M  |4 aut 
996 |b C84030  |c C*84030  |l CCIX  |s P  |a 0  |w stu14687_0001